书目信息 |
| 题名: |
饮用水卫生与处理技术
|
|
| 作者: | 秦鈺慧 主编 | |
| 分册: | ||
| 出版信息: | 北京 化学工业出版社 2002 |
|
| 页数: | 509页 | |
| 开本: | 20cm | |
| 丛书名: | ||
| 单 册: | ||
| 中图分类: | R123.1 | |
| 科图分类: | ||
| 主题词: | 饮用水--卫生标准 , 饮用水--水处理 | |
| 电子资源: | ||
| ISBN: | 7-5025-3787-2 | |
| 000 | 00600nam0 2200205 45 | |
| 001 | 0309170668 | |
| 005 | 20031219104114.9 | |
| 010 | @a7-5025-3787-2@dCNY35.00 | |
| 100 | @a20030917d2002 km y0chiy0120 ea | |
| 101 | 0 | @achi |
| 105 | @a z 000yy | |
| 200 | 1 | @a饮用水卫生与处理技术@AYin Yong Shui Wei Sheng Yu Chu Li Ji Shu@f秦鈺慧主编@FQin Yu Hui Zhu Bian |
| 210 | @a北京@c化学工业出版社@d2002 | |
| 215 | @a509页@d20cm | |
| 606 | 0 | @a饮用水@x卫生标准 |
| 606 | 0 | @a饮用水@x水处理 |
| 690 | @aR123.1@v4 | |
| 701 | 0 | @a秦鈺慧@4主编 |
| 801 | @aCN@bTSTC@c20030917 | |
| 905 | @b325527-531@dR123.1@e25@f5 | |
| 饮用水卫生与处理技术/秦鈺慧主编.-北京:化学工业出版社,2002 |
| 509页;20cm |
| ISBN 7-5025-3787-2:CNY35.00 |
| ● |
| 相关链接 |
|
|
|
|
正题名:饮用水卫生与处理技术
索取号:R123.1/25
 
预约/预借
| 序号 | 登录号 | 条形码 | 馆藏地/架位号 | 状态 | 备注 |
| 1 | 0325527 | 203255271 | 第三借阅区/ [索取号:R123.1/25] | 在馆 | |
| 2 | 0325528 | 203255280 | 第三借阅区/ [索取号:R123.1/25] | 在馆 | |
| 3 | 0325529 | 203255299 | 教育系资料室/ [索取号:R123.1/25] | 在馆 | |
| 4 | 0325530 | 203255306 | 教育系资料室/ [索取号:R123.1/25] | 在馆 | |
| 5 | 0325531 | 203255315 | 第二样本阅览室/ [索取号:R123.1/25] | 在馆 |